Sports Quiz

Random Sports or NHL Quiz

NHL Top 5: Goalie Wins Each 10 Season Period (1941-80) Quiz Stats

 Plays Quiz not verified by Sporcle

Score 0/151 Timer 08:00
0 Plays Today
% Correct
Ken Dryden
99%
Ken Dryden
99%
Ken Dryden
99%
Ken Dryden
99%
Jacques Plante
98.5%
Jacques Plante
98.5%
Jacques Plante
98.5%
Jacques Plante
98.5%
Jacques Plante
98.5%
Jacques Plante
98.5%
Jacques Plante
98.5%
Jacques Plante
98.5%
Jacques Plante
98.5%
Jacques Plante
98.5%
Jacques Plante
98.5%
Jacques Plante
98.5%
Jacques Plante
98.5%
Jacques Plante
98.5%
Terry Sawchuk
98%
Terry Sawchuk
98%
Terry Sawchuk
98%
Terry Sawchuk
98%
Terry Sawchuk
98%
Terry Sawchuk
98%
Terry Sawchuk
98%
Terry Sawchuk
98%
Terry Sawchuk
98%
Terry Sawchuk
98%
Terry Sawchuk
98%
Terry Sawchuk
98%
Terry Sawchuk
98%
Terry Sawchuk
98%
Terry Sawchuk
98%
Terry Sawchuk
98%
Terry Sawchuk
98%
Tony Esposito
98%
Tony Esposito
98%
Tony Esposito
98%
Tony Esposito
98%
Tony Esposito
98%
Tony Esposito
98%
Tony Esposito
98%
Tony Esposito
98%
Glenn Hall
96.6%
Glenn Hall
96.6%
Glenn Hall
96.6%
Glenn Hall
96.6%
Glenn Hall
96.6%
Glenn Hall
96.6%
Glenn Hall
96.6%
Glenn Hall
96.6%
% Correct
Glenn Hall
96.6%
Glenn Hall
96.6%
Glenn Hall
96.6%
Glenn Hall
96.6%
Glenn Hall
96.6%
Glenn Hall
96.6%
Bernie Parent
93.1%
Bernie Parent
93.1%
Bernie Parent
93.1%
Bernie Parent
93.1%
Bernie Parent
93.1%
Bernie Parent
93.1%
Rogie Vachon
87.7%
Rogie Vachon
87.7%
Rogie Vachon
87.7%
Rogie Vachon
87.7%
Rogie Vachon
87.7%
Rogie Vachon
87.7%
Rogie Vachon
87.7%
Ed Giacomin
85.8%
Ed Giacomin
85.8%
Ed Giacomin
85.8%
Ed Giacomin
85.8%
Ed Giacomin
85.8%
Ed Giacomin
85.8%
Ed Giacomin
85.8%
Ed Giacomin
85.8%
Ed Giacomin
85.8%
Ed Giacomin
85.8%
Turk Broda
84.3%
Turk Broda
84.3%
Turk Broda
84.3%
Turk Broda
84.3%
Turk Broda
84.3%
Turk Broda
84.3%
Gump Worsley
81.9%
Gump Worsley
81.9%
Gump Worsley
81.9%
Gump Worsley
81.9%
Gump Worsley
81.9%
Gump Worsley
81.9%
Gump Worsley
81.9%
Gump Worsley
81.9%
Gump Worsley
81.9%
Gump Worsley
81.9%
Gump Worsley
81.9%
Gump Worsley
81.9%
Gump Worsley
81.9%
Gump Worsley
81.9%
Johnny Bower
81.4%
Johnny Bower
81.4%
% Correct
Johnny Bower
81.4%
Johnny Bower
81.4%
Johnny Bower
81.4%
Johnny Bower
81.4%
Johnny Bower
81.4%
Johnny Bower
81.4%
Johnny Bower
81.4%
Harry Lumley
66.2%
Harry Lumley
66.2%
Harry Lumley
66.2%
Harry Lumley
66.2%
Harry Lumley
66.2%
Harry Lumley
66.2%
Harry Lumley
66.2%
Harry Lumley
66.2%
Harry Lumley
66.2%
Harry Lumley
66.2%
Harry Lumley
66.2%
Frank Brimsek
64.2%
Frank Brimsek
64.2%
Roger Crozier
63.2%
Roger Crozier
63.2%
Roger Crozier
63.2%
Roger Crozier
63.2%
Bill Durnan
62.3%
Bill Durnan
62.3%
Bill Durnan
62.3%
Bill Durnan
62.3%
Bill Durnan
62.3%
Eddie Johnston
60.3%
Eddie Johnston
60.3%
Eddie Johnston
60.3%
Eddie Johnston
60.3%
Eddie Johnston
60.3%
Gilles Gilbert
56.9%
Gerry McNeil
38.2%
Gerry McNeil
38.2%
Chuck Rayner
37.3%
Chuck Rayner
37.3%
Chuck Rayner
37.3%
Al Rollins
35.3%
Al Rollins
35.3%
Al Rollins
35.3%
Al Rollins
35.3%
Al Rollins
35.3%
Jim Henry
32.8%
Jim Henry
32.8%
Jim Henry
32.8%
Jim Henry
32.8%

You're not logged in!

Compare scores with friends on all Sporcle quizzes.
Join for Free
OR
Log In

You Might Also Like...

Show Comments

Extras

Top Quizzes Today


Score Distribution

Your Account Isn't Verified!

In order to create a playlist on Sporcle, you need to verify the email address you used during registration. Go to your Sporcle Settings to finish the process.

Report this User

Report this user for behavior that violates our Community Guidelines.

Details: